000 00198nam a22000977a 4500
003 SGT
245 _a THE JOURNAL OF PATHOLOGY
260 _bLONDON WILEY INTER
_c2003
300 _a541
942 _2ddc
_cBV
999 _c19210
_d19210